LEADER 02430nam0 22004453i 450 001 BVEE059099 005 20170908093230.0 012 $a4.la c.e- t-vi ovde (3) 1759 (R)$2fei 100 $a20150415d1759 ||||0itac50 ba 101 | $aita 102 $ait 181 1$6z01$ai $bxxxe 182 1$6z01$an 200 1 $a˜Lo œspecchio della disciplina l'istruzione e la regola de'novizj ed alcuni salutevoli ricordi del ben vivere. Operette del serafico dottore s. Buonauentura. Vtilissime a i professori di qualsisia regolare istituto 210 $aIn Roma$cper Generoso Salomoni$csi vendono da Francesco Ceccarini libraro a Pasquino$d1759 215 $ax, [2], 384 p.$d12o 300 $aFregio xilogr. sul front 300 $aSegn.: a6 A-Q12. 316 $a1 v.$5IT-NA0242, ANTICO 1 6 27 620 $aIT$dRoma$3LO1L002924 700 0$aBonaventura : da Bagnorea$c $3CFIV029314$4070$0293401 712 02$aSalomoni, Giovanni Generoso$3LO1V165947$4650 790 0$aBonaventure$c $3BVEV026874$zBonaventura : da Bagnorea 790 0$aBonaventura$c $3CFIV029315$zBonaventura : da Bagnorea 790 0$aBonaventura : da Bagnoregio$c $3CFIV049143$zBonaventura : da Bagnorea 790 0$aGiovanni Pietro : di Fidenza$3CFIV054907$zBonaventura : da Bagnorea 790 1$aFidanza$b, Giovanni$3SBNV041473$zBonaventura : da Bagnorea 791 02$aSalomonius, Iohannes Generosus$3BVEV133061$zSalomoni, Giovanni Generoso 791 02$aStamperia Salomoni$3CFIV283479$zSalomoni, Giovanni Generoso 791 02$aSalomoni, Generoso$3RAVV104162$zSalomoni, Giovanni Generoso 791 02$aSalomone, Generoso$3SBNV002165$zSalomoni, Giovanni Generoso 791 02$aTipografia Salomoniana$3SBNV004283$zSalomoni, Giovanni Generoso 791 02$aStamperia Salomoniana$3TO0V440963$zSalomoni, Giovanni Generoso 801 3$aIT$bIT-NA0079$c20150415 850 $aIT-NA0242 912 $aBVEE059099 950 0$aBiblioteca Sant'Antonio$c1 v.$d ATANTICO 1 6 27$e AT 0000001905 B 1 v.$fZ $h20150415$i20150415 977 $a AT 996 $aSpecchio della disciplina l'istruzione e la regola de'novizj ed alcuni salutevoli ricordi del ben vivere. Operette del serafico dottore s. Buonauentura. Vtilissime a i professori di qualsisia regolare istituto$91482319 997 $aUNISANNIO